My First Quiz - Statistics

General Stats
  • This quiz has been taken 4 times
  • The average score is 7 of 15
Answer Stats
Hint Answer % Correct
When was the first mario game released in europe? (D/M/Y) 5/15/1987
100%
How many actors have played the doctor? 15
75%
How many questions does this quiz have? 15
75%
When did Doctor Who Start? 1963
75%
What was the first us president called? George Washington
75%
How many series of the simpsons have there been? 35
50%
What was the first series of the object show by jacknjellify called? BFDI
50%
What is the second longest running british kids show called? Blue Peter
50%
What is the theme for the previous answer called? Barnacle Bill
25%
What was the name of a blue cartoon dog that first aired in 2018? Bluey
25%
Name the most recent Power Rangers Series Cosmic Fury
25%
When was YouTube Launched? Feb 14 2005
25%
What is the YouTube show by Rhett and Link called? (Full name) Good Mythical Morning
25%
Who Created My Little Pony? Hasbro
25%
What was the first power rangers mentor called? Zordon
25%
No matching quizzes found
Score Distribution
Percent of People with Each Score
Percentile by Number Answered
Your Score History
You have not taken this quiz